Secondary curriculum changes.

This episode of Need to Know explores the coalition government's policy on the National Curriculum, and what this means for secondary schools who have been promised greater freedoms from the current National Curriculum and a new flexibility in their choice of exams. The government has announced...

Full description

Bibliographic Details
Corporate Author: Brook Lapping Productions (Producer)
Format: Video
Language:English
Language Notes:This edition in English.
Published: [London] : Teachers TV/UK Dept. of Education, 2010.
Series:Education in video
Need to know ; 4
Subjects:
Online Access:Connect to this streaming video (Alexander Street Press)

MARC

Tag First Indicator Second Indicator Subfields
LEADER 00000cgm a2200000Ma 4500
001 in00005534883
006 m o c
007 vz |zazu|
008 120229s2010 enk013 o vleng d
005 20241201225428.5
035 |a (OCoLC)ocn815784229 
040 |a ALSTP  |b eng  |e pn  |c ALSTP  |d OCLCO  |d OCLCQ  |d OCLCF  |d OCLCQ  |d OCLCO  |d VZF  |d OCLCQ  |d OCLCO  |d OCLCA  |d OCLCQ  |d EZ9  |d MNI  |d INT  |d OCLCQ  |d WYU  |d OCLCQ  |d OCLCO  |d OCLCL 
019 |a 1112298506 
035 |a (OCoLC)815784229  |z (OCoLC)1112298506 
043 |a e-uk--- 
050 4 |a PN1200eb 
049 |a TXAM 
245 0 0 |a Secondary curriculum changes. 
260 |a [London] :  |b Teachers TV/UK Dept. of Education,  |c 2010. 
300 |a 1 online resource (13 min.). 
336 |a two-dimensional moving image  |b tdi  |2 rdacontent 
337 |a computer  |b c  |2 rdamedia 
338 |a online resource  |b cr  |2 rdacarrier 
347 |a video file  |2 rda 
490 0 |a Education in video 
490 0 |a Need to know ;  |v 4 
500 |a Title from resource description page (viewed Mar. 5, 2012). 
520 |a This episode of Need to Know explores the coalition government's policy on the National Curriculum, and what this means for secondary schools who have been promised greater freedoms from the current National Curriculum and a new flexibility in their choice of exams. The government has announced a commitment to slimming down the curriculum, but it is unclear how they propose to do so. Chris Husbands from the Institute of Education's Department of Learning, Curriculum and Communication explains the ways that this could be achieved. Freedom from the curriculum could also mean a greater choice in the qualifications that schools offer, such as the IGCSE which is not currently offered by state schools as it was not been approved for funding by the DCSF, despite having been approved by Ofqual. Mike visits Parkside Community School in Cambridge who previously offered their students the IGCSE and are planning to re-introduce the qualification under the new proposals. 
546 |a This edition in English. 
650 0 |a Curriculum change  |z Great Britain. 
650 0 |a Education and state  |z Great Britain. 
650 0 |a Education, Secondary  |x Curricula  |z Great Britain. 
650 6 |a Programmes d'études  |x Changements  |z Grande-Bretagne. 
650 6 |a Éducation  |x Politique gouvernementale  |z Grande-Bretagne. 
650 6 |a Enseignement secondaire  |x Programmes d'études  |z Grande-Bretagne. 
650 7 |a Curriculum change.  |2 fast  |0 (OCoLC)fst00885362 
650 7 |a Education and state.  |2 fast  |0 (OCoLC)fst00902835 
650 7 |a Education, Secondary  |x Curricula.  |2 fast  |0 (OCoLC)fst00903265 
651 7 |a Great Britain.  |2 fast  |0 (OCoLC)fst01204623  |1 https://id.oclc.org/worldcat/entity/E39PBJdmp7p3cx8hpmJ8HvmTpP 
655 4 |a Alexander Street Video. 
655 7 |a Instructional television programs.  |2 fast  |0 (OCoLC)fst01726126 
655 7 |a Instructional television programs.  |2 lcgft 
655 7 |a Émissions pédagogiques télévisées.  |2 rvmgf 
710 2 |a Brook Lapping Productions.  |4 pro 
776 0 8 |i Print version:  |t Secondary curriculum changes.  |d [London] : Teachers TV/UK Dept. of Education, 2010 publisher catalog number  |o C/4395/004 
856 4 0 |u http://proxy.library.tamu.edu/login?url=https://www.aspresolver.com/aspresolver.asp?AVN2;1782109  |z Connect to this streaming video (Alexander Street Press)  |t 0 
955 |a Alexander Street Press subscription streaming video 
994 |a 92  |b TXA 
999 f f |s 244bc7b7-fb05-4dd0-b7c8-7b9d2192804c  |i 2fa58411-891c-4ef2-b753-ed535f16f789  |t 0 
952 f f |a Texas A&M University  |b College Station  |c Electronic Resources  |d Available Online  |t 0  |e PN1200eb   |h Library of Congress classification 
998 f f |a PN1200eb   |t 0  |l Available Online